| 000 | 01092nam a22003257a 4500 | ||
|---|---|---|---|
| 001 | 0007488 | ||
| 003 | KOHA_MİRAKIL | ||
| 005 | 20260207001600.0 | ||
| 007 | ta | ||
| 008 | 090928b1989 us |||gr||||#0|||1|eng | | ||
| 020 | _a0137986386 | ||
| 040 |
_aTR-BiSEU _btur _cTR-BiSEU _erda |
||
| 041 | 0 | _aeng | |
| 044 | _cus | ||
| 050 |
_aPE1116 _b.B75 1989 |
||
| 100 | 1 | _aBrieger, Nick. | |
| 245 | 1 |
_aSecretarial contacts : _bcommunication skills for secretaries and personal assistants/ _cNick Brieger ; Nick Brieger, Anthony Cornish. |
|
| 264 | 1 |
_aNew York : _bPrentice Hall, c1989 _c1989 |
|
| 300 | _axiv, 178 sayfa: resimli, tablo | ||
| 336 |
_ametin _btxt _2rdacontent |
||
| 337 |
_aaracısız _bn _2rdamedia |
||
| 338 |
_acilt _bnc _2rdacarrier |
||
| 500 | _aDizin var. | ||
| 650 | 0 |
_aEnglish language--Conversation and phrase books (for secretaries). _918610 |
|
| 650 | 0 |
_aEnglish language--Textbooks for foreign speakers. _95137 |
|
| 650 | 0 |
_aEnglish language--Business English. _918611 |
|
| 650 | 0 |
_aOffice practice--Terminology. _918612 |
|
| 907 | _aDil | ||
| 942 |
_2lcc _cBK |
||
| 999 |
_c7466 _d7466 |
||